The attack : And other papers
Guardado en:
| Autor principal: | |
|---|---|
| Formato: | Libro |
| Lenguaje: | Undetermined |
| Publicado: |
Freeport
Books for Libraries Press
1971
|
| Materias: | |
| Etiquetas: |
Agregar Etiqueta
Sin Etiquetas, Sea el primero en etiquetar este registro!
|
| Thư viện lưu trữ: | Trung tâm Học liệu Trường Đại học Cần Thơ |
|---|
| LEADER | 00498nam a2200193Ia 4500 | ||
|---|---|---|---|
| 001 | CTU_78691 | ||
| 008 | 210402s9999 xx 000 0 und d | ||
| 082 | |a 320.9 | ||
| 082 | |b T234 | ||
| 100 | |a Tawney, R. H. | ||
| 245 | 4 | |a The attack : | |
| 245 | 4 | |b And other papers | |
| 245 | 0 | |c R. H. Tawney | |
| 260 | |a Freeport | ||
| 260 | |b Books for Libraries Press | ||
| 260 | |c 1971 | ||
| 650 | |a Social problems | ||
| 650 | |z Great Britain | ||
| 980 | |a Trung tâm Học liệu Trường Đại học Cần Thơ | ||